000 00574nam a2200217Ia 4500
005 20260429112135.0
008 260429s9999||||xx |||||||||||||| ||und||
020 _a9781509564682
041 _aEnglish
082 _a330.1
_bING
100 _aInglis, David
245 0 _aInvitation to social theory /
_cDavid Inglis
250 _a3rd ed.
260 _aUnited Kingdom :
_bPolity Press,
_c2025.
300 _a366 p.; pbk
650 _a Interactionist theory
650 _a Systems theory
650 _aSocial theory
700 _a Thrope, Christopher
942 _cTB
999 _c52559
_d52559